000 00466nam a22001817a 4500
003 NUST - PNEC
005 20170116180940.0
008 150907b xxu||||| |||| 00| 0 eng d
020 _a0408002174
040 _cLIBRARY
082 _a621.3841 SCR
100 _98674
_aScroggie, M. G.
245 _aFoundations of wireless and electronics
_cM. G. Scroggie
250 _b9th ed.
260 _cc.1975
650 _98677
_aElectronics, Radio
_xEL
942 _2ddc
_cBK
999 _c66130
_d66130